[Event "Foment Martinenc op-A 22nd"]
[Site "Barcelona"]
[Date "2022.05.07"]
[Round "3"]
[White "Atserias Batalla, Jordi"]
[Black "Pardina Domenech, Victor"]
[Result "0-1"]
[WhiteElo "1793"]
[BlackElo "1857"]
[PlyCount "128"]
[EventDate "2022.04.23"]
[EventType "swiss"]
[EventRounds "9"]
[EventCountry "ESP"]
[SourceTitle "EXT 2023"]
[Source "ChessBase"]
[SourceDate "2022.10.05"]
[SourceVersion "1"]
[SourceVersionDate "2022.10.05"]
[SourceQuality "1"]

1. d4 Nf6 2. Bg5 e6 3. Nd2 d5 4. e3 Be7 5. Bd3 0-0 6. f4 c5 7. c3 Nfd7 8. Bxe7 Qxe7 9. Ngf3 f6 10. 0-0 Nc6 11. a3 a6 12. Rc1 b5 13. Bb1 Bb7 14. Qc2 g6 15. Nh4 Rf7 16. Rf3 c4 17. Rcf1 Raf8 18. Rg3 Rg7 19. Qd1 e5 20. f5 g5 21. Nhf3 e4 22. Ne1 Nb6 23. Bc2 a5 24. Qh5 Bc8 25. h4 gxh4 26. Rxg7+ Qxg7 27. Rf4 Qf7 28. Qxh4 Kh8 29. Nxe4 dxe4 30. Bxe4 Ne7 31. Bc2 Na4 32. Bxa4 bxa4 33. e4 Nc6 34. Nf3 Qb7 35. Qh6 Qg7 36. Qh3 Rf7 37. Nh4 Ne7 38. Rg4 Qf8 39. Ng6+ Nxg6 40. Rxg6 Qe7 41. Qh6 Rg7 42. Rxf6 Bb7 43. Re6 Qf7 44. f6 Rg6 45. Re7 Qg8 46. Rg7 Rxg7 47. fxg7+ Qxg7 48. Qf4 Qe7 49. e5 Qg7 50. g3 Bd5 51. Kf2 Kg8 52. g4 Qf7 53. Kg3 Qxf4+ 54. Kxf4 Kf7 55. Kg3 Be4 56. Kf4 Bd5 57. Kg5 Ke6 58. Kf4 h6 59. Kg3 Kf7 60. Kf4 Kg6 61. e6 Bxe6 62. Ke5 Bxg4 63. d5 h5 64. Kf4 Kf6 0-1

[Event "World Corporate East A"]
[Site "Chess.com INT"]
[Date "2021.02.20"]
[Round "4.6"]
[White "Atserias Batalla, Jordi"]
[Black "Kossiaras, Fotios"]
[Result "1-0"]
[WhiteElo "1801"]
[BlackElo "1461"]
[PlyCount "131"]
[EventDate "2021.02.19"]
[EventType "team (rapid)"]
[EventRounds "7"]
[EventCountry "USA"]
[SourceTitle "EXT 2022"]
[Source "ChessBase"]
[SourceDate "2021.10.06"]
[SourceVersion "1"]
[SourceVersionDate "2021.10.06"]
[SourceQuality "1"]
[WhiteTeam "Amazon"]
[BlackTeam "Ubitech"]
[WhiteTeamCountry "GER"]
[BlackTeamCountry "GRE"]

1. d4 Nf6 2. Bg5 g6 3. Bxf6 exf6 4. g3 Bg7 5. Bg2 0-0 6. e3 d5 7. Ne2 c6 8. 0-0 Be6 9. Nf4 Qb6 10. b3 Nd7 11. Nd2 Qc7 12. Rc1 Qa5 13. c4 dxc4 14. Nxc4 Bxc4 15. Rxc4 Qxa2 16. Ra4 Qb2 17. Nd3 Qc3 18. Qb1 Nb6 19. Ra2 Nd5 20. Rc1 a5 21. Rxc3 Nxc3 22. Qc2 Nxa2 23. Qxa2 Rfc8 24. Nc5 b6 25. Na4 Rab8 26. Qd2 Bf8 27. h3 Bb4 28. Qe2 Kg7 29. Qg4 h5 30. Qd7 c5 31. Bd5 Rf8 32. Qc7 cxd4 33. exd4 Rbd8 34. Nxb6 Bd6 35. Qc4 Bb4 36. Be4 Rd6 37. Na4 Re8 38. Bc6 Re1+ 39. Kg2 Ba3 40. d5 Rc1 41. Qe4 Bb4 42. Nb6 Bc5 43. Nc4 Rd8 44. Qd3 Bb4 45. Bb5 Ra1 46. d6 Ra2 47. Qb1 Re2 48. Kf3 Re1 49. Qd3 Re6 50. d7 Re7 51. Ne3 Re5 52. Ba4 Bc5 53. Nc4 Re6 54. Nxa5 Bb6 55. Nc4 f5 56. Qc3+ Kh7 57. Ne5 Re7 58. Nc6 Rexd7 59. Nxd8 Rxd8 60. Qf6 Bd4 61. Qxd8 Bg7 62. b4 Kh6 63. b5 Bc3 64. b6 Bb4 65. b7 Bc5 66. b8Q 1-0